Geotechnical Design of the Bridge Foundation

Salvato in:
Dettagli Bibliografici
Autore principale: Keve, Ábel (Autore)
Altri autori: Frankovská, Jana (Relatore della tesi)
Natura: Manoscritto Libro
Lingua:slovacco
inglese
Pubblicazione: 2025
Soggetti:
Accesso online:http://is.stuba.sk/zp/portal_zp.pl?podrobnosti=184881
CRZP
Tags: Aggiungi Tag
Nessun Tag, puoi essere il primo ad aggiungerne!!

MARC

LEADER 00000ntm a22000003a 4500
001 stuzp104388
003 SK-STU
005 20250725110704.4
007 ta
008 150427s2015----xo-----f-mn---000-0-slo-d
040 |a STU  |b slo 
041 0 |a eng 
100 1 |a Keve, Ábel  |u 010150  |4 aut  |U SvF Stavebná fakulta  |T SvF Katedra geotechniky  |X 103532  |U V150  |Y 15  |7 103532 
242 0 1 |a Geotechnický návrh základu mosta  |y slo 
245 1 0 |a Geotechnical Design of the Bridge Foundation 
260 |c 2025 
650 4 |a pile foundation  |2 eng 
650 4 |a geotechnical design  |2 eng 
650 4 |a pedestrian bridge Dunakiliti – Dobrohošť  |2 eng 
650 4 |a peší most Dunakiliti – Dobrohošť  |2 slo 
650 4 |a geotechnický návrh  |2 slo 
650 4 |a pilotový základ  |2 slo 
700 1 |a Frankovská, Jana  |u 010150  |k Z1  |4 ths  |U SvF Stavebná fakulta  |T SvF Katedra geotechniky  |X 3849  |U V150  |Y 15  |7 A000003849 
856 4 |u http://is.stuba.sk/zp/portal_zp.pl?podrobnosti=184881 
856 4 |u https://opac.crzp.sk/?fn=detailBiblioForm&sid=226A7A544DA3649F665032E9F6D0  |z CRZP